• 首页
  • 本馆介绍
  • 公告通知
  • 最新文献
  • 馆藏检索
  • 电子资源
  • 读者导购
  • 参考咨询
  • 我的图书馆
  • 登录
  • 详细信息显示
  • 放入我的书架
  • 预约/预借图书
  • 作者相关作品
  • 分类相关作品
  • 丛书相关作品
  • 出版社相关作品

书目信息

  • 表格格式
  • 工作单格式
  • 卡片格式
题名:
文选
    
 
作者: 萧统 编纂 ;张启成 , 徐达 译注
分册: 六  
出版信息: 北京   中华书局  2019
页数: 3602-4312页
开本: 21cm
丛书名: 中华经典名著全本全注全译丛书
单 册:
中图分类: I212.01
科图分类:
主题词: 中国文学--zhong guo wen xue--古典文学--作品集
电子资源:
ISBN: 978-7-101-13933-4
000 01387oam2 2200289 450
001 2131065820
005 20211031085420.66
010    @a978-7-101-13933-4@b精装@dCNY53.00(全6册316.00)
100    @a20190921d2019 em y0chiy50 ea
101 0  @achi
102    @aCN@b110000
105    @ay z 001zy
106    @ar
200 1  @a文选@Awen xuan@h六@f张启成,徐达译注
210    @a北京@c中华书局@d2019
215    @a3602-4312页@d21cm
225 2  @a中华经典名著全本全注全译丛书@Azhong hua jing dian ming zhu quan ben quan zhu quan yi cong shu
330    @a本书对《文选》进行译注,《文选》是南朝梁代昭明太子萧统主持编写的我国现存最早的一部诗文总集,收录了上起周代,下至南朝梁代一百三十位作家及若干佚名作者的作品七百六十四篇。此次译注的原文以中华书局1977年影印之清胡克家重刊宋尤袤本李善注《文选》为底本,参校其他版本,每篇作品都有题解和作者介绍,分段加以注译。全书一共六册,每十卷为一册。书前有总目,各册有分册篇名目录,书末附有按音序排列的《文选》著者索引和《文选》篇名索引,检索方便。
461  0 @12001 @a中华经典名著全本全注全译丛书
605    @a《文选》@Awen xuan@x译文
606 0  @a中国文学@Azhong guo wen xue@x古典文学@x作品集
690    @aI212.01@v5
701  0 @c(梁)@a萧统@Axiao tong@f(501-531)@4编纂
702  0 @a张启成@Azhang qi cheng@f(1936-)@4译注
702  0 @a徐达@Axu da@f(1935-)@4译注
801  0 @aCN@b百万庄@c20211029
905    @b1313823-26@dI212.01@e1124:6@f4
    
    文选.六/张启成,徐达译注.-北京:中华书局,2019
    3602-4312页;21cm.-(中华经典名著全本全注全译丛书)
    
    
    ISBN 978-7-101-13933-4(精装):CNY53.00(全6册316.00)
    本书对《文选》进行译注,《文选》是南朝梁代昭明太子萧统主持编写的我国现存最早的一部诗文总集,收录了上起周代,下至南朝梁代一百三十位作家及若干佚名作者的作品七百六十四篇。此次译注的原文以中华书局1977年影印之清胡克家重刊宋尤袤本李善注《文选》为底本,参校其他版本,每篇作品都有题解和作者介绍,分段加以注译。全书一共六册,每十卷为一册。书前有总目,各册有分册篇名目录,书末附有按音序排列的《文选》著者索引和《文选》篇名索引,检索方便。
●
相关链接 在E读中查询图书 在五车中查询图书 在当当中查询图书 在豆瓣中查询图书


正题名:文选     索取号:I212.01/1124:6         预约/预借

序号 登录号 条形码 馆藏地/架位号 状态 备注
1 1313823   213138237   第一样本阅览室/ [索取号:I212.01/1124:6] 在馆    
2 1313824   213138246   第二借阅区/ [索取号:I212.01/1124:6] 在馆    
3 1313825   213138255   第二借阅区/ [索取号:I212.01/1124:6] 在馆    
4 1313826   213138264   第二借阅区/ [索取号:I212.01/1124:6] 在馆    
唐山师范学院图书馆 欢迎您!
大连网信软件有限公司© 版权所有